[Event "Panagiotis Apergis op"]
[Site "Ano Liosia"]
[Date "2007.04.24"]
[Round "1"]
[White "Fanourgakis, Konstantinos"]
[Black "Partsinevelos, Manolis"]
[Result "1-0"]
[WhiteElo "1889"]
[BlackElo "1005"]
[PlyCount "161"]
[EventDate "2007.04.24"]
[EventType "swiss"]
[EventRounds "7"]
[EventCountry "GRE"]
[SourceTitle "EXT 2008"]
[Source "ChessBase"]
[SourceDate "2007.11.25"]
[SourceVersion "1"]
[SourceVersionDate "2007.11.25"]
[SourceQuality "1"]

1. e4 e6 2. d4 a5 3. e5 b6 4. Nf3 h6 5. Bb5 c6 6. Bd3 Ba6 7. Nc3 Bb4 8. 0-0 Be7 9. Ne4 Bb7 10. c4 Qc7 11. c5 Na6 12. Nd6+ Bxd6 13. cxd6 Qd8 14. Nd2 Nb4 15. Be4 b5 16. a3 Nd5 17. Nb3 h5 18. Nc5 Ba6 19. Qf3 Bc8 20. Qg3 Kf8 21. Bd2 h4 22. Qf3 Nh6 23. h3 f5 24. Bc2 Nf7 25. b4 a4 26. Rac1 Ng5 27. Qe2 Rh6 28. f4 Nh7 29. Bb1 Qe8 30. Ba2 Nb6 31. Be1 Qg6 32. Bf2 Qh5 33. Qc2 Rg6 34. Kh1 Kg8 35. Be1 Nf8 36. Rf3 Ra7 37. Qf2 Rh6 38. Nd3 Bb7 39. d5 Nc8 40. Qd4 exd5 41. Nc5 Qf7 42. Bb1 Ne6 43. Qc3 d4 44. Qc2 Rh5 45. Nxe6 dxe6 46. Bf2 Ra8 47. Rd3 Nb6 48. Bxd4 Nd5 49. Qd2 Rh6 50. Ba2 Rg6 51. Bc5 Qd7 52. Qf2 Rh6 53. Qd2 Rc8 54. Bf2 Kf7 55. Rd4 c5 56. Rxc5 Rxc5 57. bxc5 Qc6 58. Bxd5 exd5 59. Qc2 Ke6 60. Qc3 Kd7 61. Qc2 Ke6 62. Be1 g6 63. Ba5 Rh7 64. Bb6 Rh8 65. Kg1 Rc8 66. Qf2 Rh8 67. Qe1 Ba6 68. g3 Rb8 69. gxh4 Rh8 70. Qg3 Rg8 71. Qg5 Qe8 72. Qf6+ Kd7 73. Rxd5 b4 74. c6+ Kxc6 75. d7+ Kxd5 76. dxe8Q Rxe8 77. Qf7+ Ke4 78. Qxe8 Kxf4 79. Qxa4 Bd3 80. Qxb4+ Be4 81. e6 1-0